[Event "SVK-chT1E 2223"]
[Site "Slovakia"]
[Date "2024.03.10"]
[Round "11.1"]
[White "Hrabusa, Matej"]
[Black "Hagara, Eduard"]
[Result "1/2-1/2"]
[WhiteElo "2346"]
[BlackElo "2359"]
[PlyCount "20"]
[EventDate "2023.10.21"]
[EventType "team-tourn"]
[EventRounds "11"]
[EventCountry "SVK"]
[SourceTitle "EXT 2025"]
[Source "ChessBase"]
[SourceDate "2024.10.14"]
[SourceVersion "1"]
[SourceVersionDate "2024.10.14"]
[SourceQuality "1"]
[WhiteTeam "Liptov Chess School II"]
[BlackTeam "Kezmarok KdV"]
[WhiteTeamCountry "SVK"]
[BlackTeamCountry "SVK"]

1. Nf3 c5 2. e4 Nc6 3. Bb5 d6 4. 0-0 a6 5. Bxc6+ bxc6 6. e5 d5 7. Re1 Bg4 8. h3 Bxf3 9. Qxf3 e6 10. c4 Ne7 1/2-1/2

[Event "SVK-chT1E 2223"]
[Site "Slovakia"]
[Date "2022.11.05"]
[Round "3.1"]
[White "Zylka, Stanislaw"]
[Black "Hagara, Eduard"]
[Result "1-0"]
[WhiteElo "2410"]
[BlackElo "2380"]
[PlyCount "51"]
[EventDate "2022.10.15"]
[EventType "team-tourn"]
[EventRounds "11"]
[EventCountry "SVK"]
[SourceTitle "EXT 2024"]
[Source "ChessBase"]
[SourceDate "2023.10.10"]
[SourceVersion "1"]
[SourceVersionDate "2023.10.10"]
[SourceQuality "1"]
[WhiteTeam "Cadca"]
[BlackTeam "Kezmarok KdV"]
[WhiteTeamCountry "SVK"]
[BlackTeamCountry "SVK"]

1. d4 d6 2. e4 e5 3. Nf3 Nd7 4. Bc4 c6 5. 0-0 Be7 6. a4 Ngf6 7. Nc3 0-0 8. Re1 b6 9. h3 a6 10. Ba2 Bb7 11. dxe5 dxe5 12. Nh4 Re8 13. Qf3 Nf8 14. Nf5 Bc8 15. Bg5 Ne6 16. Bh4 Nd4 17. Nxd4 Qxd4 18. Rad1 Qb4 19. Bb3 Rf8 20. Na2 Qc5 21. Nc1 Be6 22. Bxe6 fxe6 23. Qb3 Kf7 24. Nd3 Qa5 25. Qc4 Bd6 26. f4 1-0

[Event "SVK-chT2D 2122"]
[Site "Slovakia"]
[Date "2022.05.01"]
[Round "11.1"]
[White "Mrozowski, Patryk"]
[Black "Hagara, Eduard"]
[Result "1/2-1/2"]
[WhiteElo "2143"]
[BlackElo "2383"]
[PlyCount "62"]
[EventDate "2021.10.16"]
[EventType "team-tourn"]
[EventRounds "11"]
[EventCountry "SVK"]
[SourceTitle "EXT 2023"]
[Source "ChessBase"]
[SourceDate "2022.10.05"]
[SourceVersion "1"]
[SourceVersionDate "2022.10.05"]
[SourceQuality "1"]
[WhiteTeam "Stropkov/Svidnik"]
[BlackTeam "Kezmarok"]
[WhiteTeamCountry "SVK"]
[BlackTeamCountry "SVK"]

1. e4 e6 2. d4 d5 3. exd5 exd5 4. Nf3 Nc6 5. Bd3 Bg4 6. c3 Bd6 7. h3 Bh5 8. Be3 Nge7 9. Nbd2 Qd7 10. Qc2 Bg6 11. 0-0-0 f6 12. Rde1 0-0-0 13. Nb3 Bxd3 14. Qxd3 b6 15. Re2 Kb7 16. Rhe1 a6 17. Bd2 Qf5 18. Qxf5 Nxf5 19. h4 h5 20. Kd1 Nce7 21. g3 Kc8 22. Nc1 Ng6 23. Nd3 Kd7 24. Ng1 c5 25. dxc5 bxc5 26. Nh3 Rb8 27. Bc1 c4 28. Ndf4 Nge7 29. Ne6 Rb5 30. Bf4 Nc6 31. Kc1 Be7 1/2-1/2

[Event "SVK-chT2D 2122"]
[Site "Slovakia"]
[Date "2021.10.17"]
[Round "2.1"]
[White "Hagara, Eduard"]
[Black "Manik, Mikulas"]
[Result "1/2-1/2"]
[WhiteElo "2404"]
[BlackElo "2356"]
[PlyCount "52"]
[EventDate "2021.10.16"]
[EventType "team-tourn"]
[EventRounds "11"]
[EventCountry "SVK"]
[SourceTitle "EXT 2023"]
[Source "ChessBase"]
[SourceDate "2022.10.05"]
[SourceVersion "1"]
[SourceVersionDate "2022.10.05"]
[SourceQuality "1"]
[WhiteTeam "Kezmarok"]
[BlackTeam "Kosice 1 CC"]
[WhiteTeamCountry "SVK"]
[BlackTeamCountry "SVK"]

1. d4 Nf6 2. Nf3 g6 3. Bg5 Bg7 4. c4 0-0 5. Nc3 h6 6. Bh4 d6 7. e3 g5 8. Bg3 Nh5 9. Nd2 Nxg3 10. hxg3 f5 11. Be2 e6 12. Qc2 Na6 13. a3 c5 14. dxc5 dxc5 15. g4 Nc7 16. Bf3 Rb8 17. Rd1 Qe7 18. 0-0 a6 19. Rfe1 b5 20. Nb3 fxg4 21. Bxg4 Bb7 22. Rd2 bxc4 23. Na5 Ba8 24. Red1 Nd5 25. Nxc4 Nxc3 26. bxc3 Bd5 1/2-1/2

[Event "SVK-chT1E 1314"]
[Site "Slovakia"]
[Date "2014.03.23"]
[Round "11.3"]
[White "Mazur, Stefan"]
[Black "Hagara, Eduard"]
[Result "1-0"]
[WhiteElo "2413"]
[BlackElo "2424"]
[PlyCount "61"]
[EventDate "2013.10.12"]
[EventType "team-tourn"]
[EventRounds "11"]
[EventCountry "SVK"]
[SourceTitle "EXT 2015"]
[Source "ChessBase"]
[SourceDate "2014.11.20"]
[SourceVersion "1"]
[SourceVersionDate "2014.11.20"]
[SourceQuality "1"]
[WhiteTeam "Michalovce Zemplin"]
[BlackTeam "Kezmarok"]
[WhiteTeamCountry "SVK"]
[BlackTeamCountry "SVK"]

1. e4 e6 2. d4 d5 3. Nc3 Bb4 4. e5 b6 5. a3 Bf8 6. Nf3 Ba6 7. Bxa6 Nxa6 8. Qd3 Nb8 9. h4 Nc6 10. h5 Qd7 11. Ne2 f5 12. Nf4 Nd8 13. Be3 Be7 14. c4 dxc4 15. Qxc4 c6 16. Rc1 Nh6 17. 0-0 Ng4 18. Rfd1 Nxe3 19. fxe3 b5 20. Qb3 0-0 21. Rc3 Kh8 22. Rdc1 a6 23. Qc2 Ra7 24. Rxc6 Nxc6 25. Qxc6 Rb8 26. Nxe6 a5 27. d5 a4 28. Nfd4 h6 29. d6 Bf8 30. Qxd7 Rxd7 31. Rc7 1-0

[Event "SVK-chT 1314"]
[Site "Slovakia"]
[Date "2014.03.08"]
[Round "7.5"]
[White "Tibensky, Robert"]
[Black "Hagara, Eduard"]
[Result "1-0"]
[WhiteElo "2396"]
[BlackElo "2424"]
[PlyCount "49"]
[EventDate "2013.11.09"]
[EventType "team-tourn"]
[EventRounds "11"]
[EventCountry "SVK"]
[SourceTitle "EXT 2015"]
[Source "ChessBase"]
[SourceDate "2014.11.20"]
[SourceVersion "1"]
[SourceVersionDate "2014.11.20"]
[SourceQuality "1"]
[WhiteTeam "Liptovsky Mikulas"]
[BlackTeam "Bratislava Slovan"]
[WhiteTeamCountry "SVK"]
[BlackTeamCountry "SVK"]

1. d4 d5 2. c4 dxc4 3. e3 e6 4. Bxc4 Nf6 5. Nf3 c5 6. 0-0 a6 7. Bb3 Nc6 8. Qe2 cxd4 9. Rd1 Be7 10. exd4 0-0 11. Nc3 Nb4 12. Ne5 Bd7 13. Bg5 Bc6 14. a3 Nbd5 15. Rd3 Qd6 16. Bc2 Rfd8 17. Rg3 Be8 18. h4 Rac8 19. h5 Nxc3 20. bxc3 Bb5 21. Qd1 Kf8 22. h6 gxh6 23. Bxh6+ Ke8 24. Qf3 Rd7 25. Bg5 1-0

[Event "SVK-chT 1314"]
[Site "Slovakia"]
[Date "2014.01.26"]
[Round "6.5"]
[White "Kubala, Jan"]
[Black "Hagara, Eduard"]
[Result "1/2-1/2"]
[WhiteElo "2214"]
[BlackElo "2424"]
[PlyCount "29"]
[EventDate "2013.11.09"]
[EventType "team-tourn"]
[EventRounds "11"]
[EventCountry "SVK"]
[SourceTitle "EXT 2015"]
[Source "ChessBase"]
[SourceDate "2014.11.20"]
[SourceVersion "1"]
[SourceVersionDate "2014.11.20"]
[SourceQuality "1"]
[WhiteTeam "Trencin"]
[BlackTeam "Bratislava Slovan"]
[WhiteTeamCountry "SVK"]
[BlackTeamCountry "SVK"]

1. e4 e6 2. d4 d5 3. e5 c5 4. c3 Nc6 5. Nf3 Bd7 6. Be2 Nge7 7. 0-0 Rc8 8. dxc5 Ng6 9. b4 Ncxe5 10. Nxe5 Nxe5 11. f4 Nc6 12. Be3 Be7 13. Nd2 Bf6 14. Rc1 0-0 15. Nf3 1/2-1/2

[Event "SVK-chT 1314"]
[Site "Slovakia"]
[Date "2013.11.09"]
[Round "1.5"]
[White "Kantorik, Marian"]
[Black "Hagara, Eduard"]
[Result "1/2-1/2"]
[WhiteElo "2270"]
[BlackElo "2424"]
[PlyCount "23"]
[EventDate "2013.11.09"]
[EventType "team-tourn"]
[EventRounds "11"]
[EventCountry "SVK"]
[SourceTitle "CBM 157 Extra"]
[Source "ChessBase"]
[SourceDate "2013.12.19"]
[SourceVersion "1"]
[SourceVersionDate "2013.12.19"]
[SourceQuality "1"]
[WhiteTeam "Dunajov"]
[BlackTeam "Bratislava Slovan"]
[WhiteTeamCountry "SVK"]
[BlackTeamCountry "SVK"]

1. d4 Nf6 2. c4 g6 3. Nc3 d5 4. Nf3 Bg7 5. Bg5 Ne4 6. Bf4 Nxc3 7. bxc3 dxc4 8. Qa4+ c6 9. Qxc4 0-0 10. e3 Qa5 11. Be2 Nd7 12. Qb4 1/2-1/2

[Event "SVK-chT1E 1213"]
[Site "Slovakia"]
[Date "2013.03.23"]
[Round "10.4"]
[White "Hagara, Eduard"]
[Black "Jacko, Vladimir1"]
[Result "1-0"]
[WhiteElo "2410"]
[BlackElo "2333"]
[PlyCount "75"]
[EventDate "2012.10.20"]
[EventType "team-tourn"]
[EventRounds "11"]
[EventCountry "SVK"]
[SourceTitle "EXT 2015"]
[Source "ChessBase"]
[SourceDate "2014.11.20"]
[SourceVersion "1"]
[SourceVersionDate "2014.11.20"]
[SourceQuality "1"]
[WhiteTeam "Kezmarok"]
[BlackTeam "Stara Lubovna"]
[WhiteTeamCountry "SVK"]
[BlackTeamCountry "SVK"]

1. d4 Nf6 2. Nf3 g6 3. c4 Bg7 4. Nc3 0-0 5. Bg5 h6 6. Bh4 d6 7. e3 Nbd7 8. Be2 c6 9. Qc2 Qc7 10. 0-0 Re8 11. Rad1 b6 12. Nd2 Bb7 13. Rfe1 Rad8 14. h3 a6 15. a4 e5 16. dxe5 dxe5 17. Nde4 g5 18. Bg3 Nxe4 19. Nxe4 Nf6 20. c5 Nxe4 21. Qxe4 bxc5 22. Bd3 Qe7 23. h4 Rd6 24. Rc1 Bc8 25. hxg5 hxg5 26. Qc4 Bf8 27. Qc2 Rh6 28. Bf5 Qf6 29. Bxc8 Rxc8 30. Qe4 Qh8 31. f3 Bg7 32. Kf2 Rb8 33. Re2 Rb4 34. Qf5 g4 35. Rd2 gxf3 36. Rd8+ Bf8 37. Bxe5 Rxb2+ 38. Kg3 1-0

[Event "AUT-chT2O 1213"]
[Site "Austria"]
[Date "2013.03.10"]
[Round "9.2"]
[White "Hagara, Eduard"]
[Black "Kostic, Vladimir G"]
[Result "1/2-1/2"]
[WhiteElo "2410"]
[BlackElo "2417"]
[PlyCount "61"]
[EventDate "2012.10.06"]
[EventType "team-tourn"]
[EventRounds "11"]
[EventCountry "AUT"]
[SourceTitle "EXT 2014"]
[Source "ChessBase"]
[SourceDate "2013.11.20"]
[SourceVersion "1"]
[SourceVersionDate "2013.11.20"]
[SourceQuality "1"]
[WhiteTeam "Lackenbach"]
[BlackTeam "Poechlarn"]
[WhiteTeamCountry "AUT"]
[BlackTeamCountry "AUT"]

1. d4 d5 2. Nf3 c6 3. e3 Nf6 4. c4 e6 5. Nc3 Nbd7 6. cxd5 cxd5 7. Bd2 a6 8. Bd3 Bd6 9. a4 0-0 10. 0-0 e5 11. dxe5 Nxe5 12. Be2 Qe7 13. Nd4 Rd8 14. Qc2 Bb8 15. Rfd1 Qc7 16. g3 Ba7 17. Rac1 Qe7 18. Qb3 h5 19. Qc2 g6 20. Be1 Bg4 21. Kg2 Qd7 22. f3 Bh3+ 23. Kg1 Rac8 24. Bf2 Qe7 25. Qb3 Kg7 26. Rc2 Nc6 27. Rcd2 Na5 28. Qa2 Bb8 29. Nc2 Be6 30. Nd4 Bh3 31. Nc2 1/2-1/2

[Event "AUT-chT2O 1213"]
[Site "Austria"]
[Date "2013.03.09"]
[Round "8.2"]
[White "Wagner, Stephan"]
[Black "Hagara, Eduard"]
[Result "0-1"]
[WhiteElo "2178"]
[BlackElo "2410"]
[PlyCount "78"]
[EventDate "2012.10.06"]
[EventType "team-tourn"]
[EventRounds "11"]
[EventCountry "AUT"]
[SourceTitle "EXT 2014"]
[Source "ChessBase"]
[SourceDate "2013.11.20"]
[SourceVersion "1"]
[SourceVersionDate "2013.11.20"]
[SourceQuality "1"]
[WhiteTeam "Zwettl II"]
[BlackTeam "Lackenbach"]
[WhiteTeamCountry "AUT"]
[BlackTeamCountry "AUT"]

1. c4 e5 2. g3 Nc6 3. Bg2 g6 4. Nc3 Bg7 5. e4 d6 6. Nge2 Be6 7. d3 Qd7 8. 0-0 Nh6 9. Nd5 Ng4 10. h3 Nf6 11. Bh6 0-0 12. Nxf6+ Bxf6 13. Bxf8 Rxf8 14. Kh2 a6 15. Qd2 b5 16. f4 exf4 17. gxf4 Ne7 18. Rac1 Bg7 19. b3 f5 20. Qe3 c5 21. d4 fxe4 22. dxc5 bxc4 23. cxd6 Nf5 24. Qxe4 Nxd6 25. Qe3 Nf5 26. Qb6 cxb3 27. axb3 Bf7 28. Rfd1 Qe7 29. Rd2 Qh4 30. Bd5 Bxd5 31. Rxd5 Kh8 32. Qg1 Re8 33. Rd2 Bh6 34. Rf1 Rxe2+ 35. Rxe2 Bxf4+ 36. Rxf4 Qxf4+ 37. Kg2 Nh4+ 38. Kh1 Qf3+ 39. Rg2 Qxh3+ 0-1

[Event "SVK-chT 1213"]
[Site "Slovakia"]
[Date "2013.03.02"]
[Round "10.4"]
[White "Debnar, Lubos"]
[Black "Hagara, Eduard"]
[Result "0-1"]
[WhiteElo "2291"]
[BlackElo "2410"]
[PlyCount "88"]
[EventDate "2012.10.27"]
[EventType "team-tourn"]
[EventRounds "11"]
[EventCountry "SVK"]
[SourceTitle "EXT 2014"]
[Source "ChessBase"]
[SourceDate "2013.11.20"]
[SourceVersion "1"]
[SourceVersionDate "2013.11.20"]
[SourceQuality "1"]
[WhiteTeam "Nitra"]
[BlackTeam "Bratislava Doprastav"]
[WhiteTeamCountry "SVK"]
[BlackTeamCountry "SVK"]

1. d4 d5 2. c4 dxc4 3. e4 e5 4. Nf3 Bb4+ 5. Bd2 Bxd2+ 6. Nbxd2 exd4 7. Bxc4 Nc6 8. 0-0 Qf6 9. Qe2 Nge7 10. e5 Qg6 11. Rfe1 0-0 12. Rac1 Rd8 13. Bd3 Qh5 14. h3 Ng6 15. Qe4 Be6 16. Rc5 Nge7 17. Bc4 Bxc4 18. Rxc4 Qg6 19. Nxd4 Nxd4 20. Rxd4 Qxe4 21. Rexe4 Nc6 22. Rxd8+ Rxd8 23. Nf3 Rd1+ 24. Kh2 Rb1 25. Re2 Kf8 26. Ng5 h6 27. Ne4 Rd1 28. f4 Ke7 29. Kg3 Nd4 30. Rd2 Rxd2 31. Nxd2 Ke6 32. Kf2 Kd5 33. Ke3 Nc2+ 34. Kf3 Ne1+ 35. Kg3 b5 36. b3 c5 37. Kf2 Nc2 38. Ke2 c4 39. bxc4+ bxc4 40. g3 Nd4+ 41. Ke3 Nf5+ 42. Kf3 Kd4 43. g4 Nh4+ 44. Kg3 g5 0-1

[Event "SVK-chT1E 1213"]
[Site "Slovakia"]
[Date "2013.02.24"]
[Round "9.1"]
[White "Hagara, Eduard"]
[Black "Galvanek, Ladislav"]
[Result "1/2-1/2"]
[WhiteElo "2410"]
[BlackElo "2017"]
[PlyCount "36"]
[EventDate "2012.10.20"]
[EventType "team-tourn"]
[EventRounds "11"]
[EventCountry "SVK"]
[SourceTitle "EXT 2015"]
[Source "ChessBase"]
[SourceDate "2014.11.20"]
[SourceVersion "1"]
[SourceVersionDate "2014.11.20"]
[SourceQuality "1"]
[WhiteTeam "Kezmarok"]
[BlackTeam "Kysucke Nove Mesto"]
[WhiteTeamCountry "SVK"]
[BlackTeamCountry "SVK"]

1. d4 d5 2. Nf3 Nf6 3. e3 Bf5 4. c4 c6 5. Nc3 e6 6. Nh4 Bg6 7. Qb3 Qc8 8. Nxg6 hxg6 9. Bd2 Nbd7 10. Bd3 Bd6 11. g3 Rb8 12. Rc1 Qd8 13. Kf1 Ng4 14. Kg2 Qf6 15. Rcf1 Ke7 16. Ne2 Nxh2 17. f3 Nxf1 18. Rxf1 Qg5 1/2-1/2

[Event "SVK-chT 1213"]
[Site "Slovakia"]
[Date "2013.01.20"]
[Round "6.5"]
[White "Hagara, Eduard"]
[Black "Federic, Jozef"]
[Result "0-1"]
[WhiteElo "2410"]
[BlackElo "2299"]
[PlyCount "114"]
[EventDate "2012.10.27"]
[EventType "team-tourn"]
[EventRounds "11"]
[EventCountry "SVK"]
[SourceTitle "EXT 2014"]
[Source "ChessBase"]
[SourceDate "2013.11.20"]
[SourceVersion "1"]
[SourceVersionDate "2013.11.20"]
[SourceQuality "1"]
[WhiteTeam "Bratislava Doprastav"]
[BlackTeam "Modra"]
[WhiteTeamCountry "SVK"]
[BlackTeamCountry "SVK"]

1. d4 d5 2. Nf3 c6 3. e3 Nf6 4. Bd3 Bg4 5. h3 Bh5 6. c4 e6 7. Qb3 Qb6 8. Ne5 Nbd7 9. g4 Bg6 10. Nxg6 Qxb3 11. axb3 hxg6 12. g5 Ng8 13. Nc3 Ne7 14. b4 dxc4 15. Bxc4 Nf5 16. b5 c5 17. d5 e5 18. Be2 Be7 19. e4 Nd4 20. Bd1 Nb6 21. Kf1 Nc4 22. Kg2 Nd6 23. f4 f6 24. h4 Kd7 25. Ba4 Kc7 26. Ra2 a6 27. b6+ Kxb6 28. Be3 Kc7 29. fxe5 fxe5 30. Rc1 Rxh4 31. Bd1 Nxe4 32. Nxe4 Rxe4 33. Bg1 b6 34. b4 Bxg5 35. Rc3 Be7 36. bxc5 Bxc5 37. Rg3 Nf5 38. Bxc5 bxc5 39. Bf3 Nxg3 40. Kxg3 Re3 41. Kf2 Rxf3+ 42. Kxf3 a5 43. Ke4 a4 44. Kxe5 Re8+ 45. Kf4 Kd6 46. Rxa4 Kxd5 47. Ra7 Re6 48. Rxg7 c4 49. Kf3 Kd4 50. Rd7+ Kc3 51. Rc7 Kd3 52. Rd7+ Kc2 53. Rc7 c3 54. Kf2 Kd2 55. Rd7+ Kc1 56. Rc7 c2 57. Rb7 g5 0-1

[Event "SVK-chT 1213"]
[Site "Slovakia"]
[Date "2013.01.19"]
[Round "5.6"]
[White "Varga, Zoltan"]
[Black "Hagara, Eduard"]
[Result "1/2-1/2"]
[WhiteElo "2455"]
[BlackElo "2410"]
[PlyCount "44"]
[EventDate "2012.10.27"]
[EventType "team-tourn"]
[EventRounds "11"]
[EventCountry "SVK"]
[SourceTitle "EXT 2014"]
[Source "ChessBase"]
[SourceDate "2013.11.20"]
[SourceVersion "1"]
[SourceVersionDate "2013.11.20"]
[SourceQuality "1"]
[WhiteTeam "Dunajska Streda"]
[BlackTeam "Bratislava Doprastav"]
[WhiteTeamCountry "SVK"]
[BlackTeamCountry "SVK"]

1. e4 e6 2. d4 d5 3. exd5 exd5 4. Nf3 Nf6 5. Bd3 Bd6 6. 0-0 0-0 7. h3 c6 8. c4 dxc4 9. Bxc4 Nbd7 10. Nc3 h6 11. Re1 Nb6 12. Bd3 Be6 13. Ne5 Rc8 14. Qf3 Bb8 15. Be3 Nbd5 16. Nxd5 Bxd5 17. Qg3 Nh5 18. Qg4 Nf6 19. Qh4 Ne4 20. Qh5 Nf6 21. Qh4 Ne4 22. Qh5 Nf6 1/2-1/2

[Event "SVK-chT1E 1213"]
[Site "Slovakia"]
[Date "2013.01.13"]
[Round "6.2"]
[White "Kamody, Mario"]
[Black "Hagara, Eduard"]
[Result "0-1"]
[WhiteElo "2244"]
[BlackElo "2410"]
[PlyCount "60"]
[EventDate "2012.10.20"]
[EventType "team-tourn"]
[EventRounds "11"]
[EventCountry "SVK"]
[SourceTitle "EXT 2015"]
[Source "ChessBase"]
[SourceDate "2014.11.20"]
[SourceVersion "1"]
[SourceVersionDate "2014.11.20"]
[SourceQuality "1"]
[WhiteTeam "Banska Bystrica Junior"]
[BlackTeam "Kezmarok"]
[WhiteTeamCountry "SVK"]
[BlackTeamCountry "SVK"]

1. e4 e6 2. d4 d5 3. Nc3 Bb4 4. e5 Ne7 5. a3 Bxc3+ 6. bxc3 c5 7. Qg4 0-0 8. Bd3 f5 9. exf6 Rxf6 10. Bg5 Rf7 11. Qh5 g6 12. Bxg6 hxg6 13. Qxg6+ Nxg6 14. Bxd8 cxd4 15. cxd4 Nc6 16. Bg5 Nxd4 17. 0-0-0 Nb5 18. Nf3 Bd7 19. h4 Rc8 20. h5 Nf8 21. Rh3 Nc3 22. Re1 Ne4 23. Be3 Ba4 24. Re2 Rfc7 25. Ne1 Bb5 26. c4 Rxc4+ 27. Kb2 Nc3 28. Rd2 Na4+ 29. Kb3 Rc3+ 30. Kb4 R8c4+ 0-1

[Event "SVK-chT1E 1213"]
[Site "Slovakia"]
[Date "2013.01.12"]
[Round "5.1"]
[White "Zambor, Norbert"]
[Black "Hagara, Eduard"]
[Result "1/2-1/2"]
[WhiteElo "2332"]
[BlackElo "2410"]
[PlyCount "25"]
[EventDate "2012.10.20"]
[EventType "team-tourn"]
[EventRounds "11"]
[EventCountry "SVK"]
[SourceTitle "EXT 2015"]
[Source "ChessBase"]
[SourceDate "2014.11.20"]
[SourceVersion "1"]
[SourceVersionDate "2014.11.20"]
[SourceQuality "1"]
[WhiteTeam "Svit"]
[BlackTeam "Kezmarok"]
[WhiteTeamCountry "SVK"]
[BlackTeamCountry "SVK"]

1. e4 e6 2. d4 d5 3. Nd2 Nf6 4. e5 Nfd7 5. Bd3 c5 6. c3 Nc6 7. Ne2 cxd4 8. cxd4 f6 9. Nf4 Nxd4 10. Qh5+ Ke7 11. Ng6+ hxg6 12. Qxh8 Kf7 13. 0-0 1/2-1/2

[Event "SVK-chT1E 1213"]
[Site "Slovakia"]
[Date "2012.12.09"]
[Round "4.2"]
[White "Palecek, Peter"]
[Black "Hagara, Eduard"]
[Result "1/2-1/2"]
[WhiteElo "2225"]
[BlackElo "2410"]
[PlyCount "24"]
[EventDate "2012.10.20"]
[EventType "team-tourn"]
[EventRounds "11"]
[EventCountry "SVK"]
[SourceTitle "EXT 2014"]
[Source "ChessBase"]
[SourceDate "2013.11.20"]
[SourceVersion "1"]
[SourceVersionDate "2013.11.20"]
[SourceQuality "1"]
[WhiteTeam "Liptov Chess School"]
[BlackTeam "Kezmarok"]
[WhiteTeamCountry "SVK"]
[BlackTeamCountry "SVK"]

1. d4 d5 2. c4 dxc4 3. e4 e5 4. Nf3 Bb4+ 5. Bd2 Bxd2+ 6. Qxd2 exd4 7. Qxd4 Qxd4 8. Nxd4 Nf6 9. Nc3 c6 10. Bxc4 0-0 11. f3 a5 12. 0-0 Nfd7 1/2-1/2

[Event "SVK-chT1E 1213"]
[Site "Slovakia"]
[Date "2012.12.08"]
[Round "3.2"]
[White "Hagara, Eduard"]
[Black "Pecha, Tomas"]
[Result "1-0"]
[WhiteElo "2410"]
[BlackElo "2210"]
[PlyCount "67"]
[EventDate "2012.10.20"]
[EventType "team-tourn"]
[EventRounds "11"]
[EventCountry "SVK"]
[SourceTitle "EXT 2014"]
[Source "ChessBase"]
[SourceDate "2013.11.20"]
[SourceVersion "1"]
[SourceVersionDate "2013.11.20"]
[SourceQuality "1"]
[WhiteTeam "Kezmarok"]
[BlackTeam "Zilina Mladost"]
[WhiteTeamCountry "SVK"]
[BlackTeamCountry "SVK"]

1. d4 e6 2. Nf3 Nf6 3. e3 d5 4. Bd3 c5 5. b3 Nbd7 6. Bb2 Be7 7. 0-0 0-0 8. Nbd2 b6 9. Ne5 Bb7 10. f4 Ne4 11. Nxe4 dxe4 12. Bc4 Nxe5 13. fxe5 Bd5 14. Ba6 Bc6 15. a4 Qc7 16. Qg4 Rad8 17. Rf2 Bd5 18. Bf1 c4 19. bxc4 Bxc4 20. Qxe4 Rd5 21. Bd3 g6 22. h4 Bxd3 23. cxd3 Qd7 24. Bc3 a6 25. h5 Qc8 26. Bb2 Qd7 27. Bc3 Qc8 28. Bb2 Qd7 29. Qf4 Ra5 30. Qh6 Rxa4 31. Raf1 Qd8 32. Rf6 Ra2 33. R1f3 g5 34. Rg6+ 1-0

[Event "SVK-chT 1213"]
[Site "Slovakia"]
[Date "2012.10.27"]
[Round "1.5"]
[White "Najgebauer, Szemjon"]
[Black "Hagara, Eduard"]
[Result "0-1"]
[WhiteElo "2187"]
[BlackElo "2410"]
[PlyCount "110"]
[EventDate "2012.10.27"]
[EventType "team-tourn"]
[EventRounds "11"]
[EventCountry "SVK"]
[SourceTitle "EXT 2013"]
[Source "ChessBase"]
[SourceDate "2012.11.22"]
[SourceVersion "1"]
[SourceVersionDate "2012.11.22"]
[SourceQuality "1"]
[WhiteTeam "Kosice Slavia"]
[BlackTeam "Bratislava Doprastav"]
[WhiteTeamCountry "SVK"]
[BlackTeamCountry "SVK"]

1. d4 d5 2. c4 dxc4 3. e3 Nf6 4. Nf3 e6 5. Bxc4 c5 6. 0-0 a6 7. Nc3 Nc6 8. Bb3 Bd6 9. h3 0-0 10. Qe2 b5 11. Rd1 Qc7 12. dxc5 Bxc5 13. e4 Ne5 14. Bg5 Nfd7 15. Rac1 Qa7 16. Bf4 Ng6 17. Bg3 Nf6 18. Ne5 Bb7 19. Nd7 Nxd7 20. Rxd7 Rad8 21. Rcd1 Rxd7 22. Rxd7 Qa8 23. a3 Bc6 24. Rd2 Rd8 25. Rxd8+ Qxd8 26. Kh2 Bb7 27. Qd1 Qxd1 28. Bxd1 Bd4 29. f3 Kf8 30. Bd6+ Ke8 31. Be2 Kd7 32. Bb4 Ne5 33. Kg3 Nc6 34. Bf8 Ke8 35. Bd6 Kd7 36. Bf8 Ne7 37. f4 Ke8 38. Bxe7 Kxe7 39. Bd3 h6 40. Kf3 Kd6 41. Ke2 h5 42. g3 f6 43. Kd2 Bf2 44. Ne2 h4 45. gxh4 Bxh4 46. Nc3 g5 47. Ke3 gxf4+ 48. Kxf4 Bg5+ 49. Kg4 Bc1 50. Nd1 Ke5 51. a4 bxa4 52. Nc3 Bxb2 53. Nxa4 Bd4 54. h4 Bxe4 55. Bxa6 Bc6 0-1

[Event "AUT-chT2O 1112"]
[Site "Austria"]
[Date "2012.03.17"]
[Round "8.3"]
[White "Hagara, Eduard"]
[Black "Schwarhofer, Christopher"]
[Result "1-0"]
[WhiteElo "2388"]
[BlackElo "2257"]
[PlyCount "63"]
[EventDate "2011.10.15"]
[EventType "team-tourn"]
[EventRounds "11"]
[EventCountry "AUT"]
[SourceTitle "EXT 2013"]
[Source "ChessBase"]
[SourceDate "2012.11.22"]
[SourceVersion "1"]
[SourceVersionDate "2012.11.22"]
[SourceQuality "1"]
[WhiteTeam "Lackenbach"]
[BlackTeam "Niederabsdorf"]
[WhiteTeamCountry "AUT"]
[BlackTeamCountry "AUT"]

1. d4 Nf6 2. Nf3 g6 3. c4 Bg7 4. Nc3 0-0 5. Bg5 c5 6. d5 h6 7. Bh4 Qa5 8. Nd2 d6 9. e4 e6 10. Be2 exd5 11. cxd5 a6 12. a4 Nbd7 13. 0-0 Re8 14. Qc2 Rb8 15. Nc4 Qc7 16. Bg3 Ne5 17. Ne3 Nfg4 18. Nxg4 Bxg4 19. Bxe5 Bxe2 20. Bxg7 Bxf1 21. Bxh6 Bc4 22. b3 Bxb3 23. Qxb3 b5 24. axb5 axb5 25. Nxb5 Qb6 26. Qc3 Re5 27. f4 c4+ 28. Kf1 Qxb5 29. fxe5 Kh7 30. Bf4 Qc5 31. Be3 Qc7 32. Ra7 1-0

[Event "SVK-chT2B 1112"]
[Site "Slovakia"]
[Date "2012.02.26"]
[Round "11.6"]
[White "Bombek, Peter"]
[Black "Hagara, Eduard"]
[Result "1/2-1/2"]
[WhiteElo "2179"]
[BlackElo "2388"]
[PlyCount "69"]
[EventDate "2011.10.08"]
[EventType "team-tourn"]
[EventRounds "11"]
[EventCountry "SVK"]
[SourceTitle "EXT 2013"]
[Source "ChessBase"]
[SourceDate "2012.11.22"]
[SourceVersion "1"]
[SourceVersionDate "2012.11.22"]
[SourceQuality "1"]
[WhiteTeam "Belusa Hermes"]
[BlackTeam "Surany Lokomotiva"]
[WhiteTeamCountry "SVK"]
[BlackTeamCountry "SVK"]

1. d4 d5 2. Nf3 Nf6 3. c4 dxc4 4. e3 e6 5. Bxc4 c5 6. 0-0 a6 7. dxc5 Bxc5 8. Qxd8+ Kxd8 9. Be2 Ke7 10. Nbd2 Nbd7 11. Nb3 Bd6 12. Na5 Rd8 13. Rd1 Nb6 14. Bd2 Rb8 15. Bxa6 Ne4 16. Be2 Nxd2 17. Nxd2 Be5 18. Ndc4 Nxc4 19. Nxc4 Rxd1+ 20. Rxd1 Bc7 21. f4 f6 22. Kf2 Ra8 23. a3 Bd7 24. Rc1 Bd8 25. Nd2 h6 26. g3 g5 27. Nb3 gxf4 28. gxf4 e5 29. Rg1 exf4 30. Rg7+ Ke6 31. exf4 Bc6 32. Nd2 Bb6+ 33. Kg3 Bd4 34. Bf3 b5 35. Ne4 1/2-1/2